000 002570000a22000970004500
100 1 _aAlison, Michael
245 1 0 _aMichael Alison, defends Mrs Thatcher agains her critics
300 _aVol. 6, Núm 4 (1988), Páginas 14-17
773 0 _tEvangel
942 _cANA
999 _c54292
_d54292